000 00674nam a22001937a 4500
020 _a978-981-13-5508-0
082 _a624.17
_bCOS
_cN-02,P-100
100 _aCosta, Anibal
_951851
245 _aStrengthening and retrofitting of existing structures
_cby Anibal Costa, Antonio Arede, Humberto Varum
250 _a9th Volume
260 _aSingapore,
_bSpringer,
_c2018.
300 _ax,334 pages.
_b illustrations in color
_c24cm.
490 _aBuilding Pathology and Rehabilitation
526 _a0
_b0
_c0
_d624_170000000000000_COS
650 _aStructure
_bretrofitting
_951852
700 _aArede, Antonio
_951853
700 _aVarum, Humberto
_951854
942 _2ddc
_cBK
999 _c554385
_d554385